| 000 | 00438nam a2200181Ia 4500 | ||
|---|---|---|---|
| 003 | OSt | ||
| 005 | 20230523144347.0 | ||
| 008 | 210210b1953 xxu||||| |||| 00| 0 eng d | ||
| 040 | _cAL | ||
| 041 | _aeng | ||
| 082 | _a829/489 | ||
| 100 |
_aGUARESCHI (G) _9111401 |
||
| 245 | _aLittle world of Don Camillo | ||
| 260 |
_aLondon _bVictor Gollancz Ltd., _c1953 |
||
| 690 |
_aEnglish Fiction _9111402 |
||
| 906 | _a017089 | ||
| 942 |
_2ddc _cBK |
||
| 999 |
_c137047 _d137047 |
||